000 00262nam a2200097Ia 4500
001 1208511
005 20250827022847.0
008 250824s9999 xx 000 0 und d
245 0 _aAŞKA AĞLAYAN VELİ
_cHACI BEKTAŞI VELİ
260 _bKARATAY AKADEMİ YAYINLARI
999 _c1208511
_d1208511